• 首页
  • 本馆介绍
  • 公告通知
  • 最新文献
  • 馆藏检索
  • 电子资源
  • 读者导购
  • 参考咨询
  • 我的图书馆
  • 登录
  • 详细信息显示
  • 放入我的书架
  • 预约/预借图书
  • 作者相关作品
  • 分类相关作品
  • 丛书相关作品
  • 出版社相关作品

书目信息

  • 表格格式
  • 工作单格式
  • 卡片格式
题名:
日汉对照学校用语
    
 
作者: 叶幼华 编
分册:  
出版信息: 北京   高等教育出版社  1986
页数: 250页
开本: 19cm
丛书名:
单 册:
中图分类: H369.9
科图分类:
主题词: 日语--对照读物
电子资源:
ISBN:
000 00644nam0 2200241 45
001 0186006696
005 20040510112641.1
010    @dCNY1.50
091    @a9010.0231
100    @a19951101d1986 em y0chiy0121 ea
101 2  @achi@ajpn
102    @aCN@b110000
105    @ay z 000yy
106    @ar
200 10 @a日汉对照学校用语@Ari han dui zhao xue jiao yong yu@f叶幼华编
210    @a北京@c高等教育出版社@d1986
215    @a250页@d19cm
606    @a日语@x对照读物
690    @aH369.9@v3
701  0 @a叶幼华@4编@Axie you hua
801  0 @aCN@b深圳图书馆@c20040510
801  2 @aCN@bNLC@c20040510
905    @f4@b155510-513@dH369.9@e135
    
    日汉对照学校用语/叶幼华编.-北京:高等教育出版社,1986
    250页;19cm
    
    
    ISBN :CNY1.50
    
●
相关链接 在E读中查询图书 在五车中查询图书 在当当中查询图书 在豆瓣中查询图书


正题名:日汉对照学校用语     索取号:H369.9/135         预约/预借

序号 登录号 条形码 馆藏地/架位号 状态 备注
1 0155510   001055636   第四借阅区/ [索取号:H369.9/135] 在馆    
2 0155511   001055645   第四借阅区/ [索取号:H369.9/135] 在馆    
3 0155512   001055627   第四借阅区/ [索取号:H369.9/135] 在馆    
4 0155513   001055654   第四借阅区/ [索取号:H369.9/135] 在馆    
5 0155514   001055618   第二样本阅览室/ [索取号:H369.9/135] 在馆    
唐山师范学院图书馆 欢迎您!
大连网信软件有限公司© 版权所有